000 00359nam a2200145Ia 4500
008 230711s9999||||xx |||||||||||||| ||und||
041 _aENG
082 _a624
_bBH-I
100 _aBharat Singh
245 0 _aFundamentals of irrigation engineering
250 _a1st Ed.
260 _c1988
_aRoorkee
_bNim Chand & Bros
650 _aCivil Engineering
942 _cBK
999 _c259
_d259